|
|
|
|
| LEADER |
00000nab a2200000uu 4500 |
| 001 |
vtls011480259 |
| 003 |
SK-MaSNL |
| 005 |
20260303160037.0 |
| 008 |
230222|2002 xo |||||||||||||||||slo| |
| 015 |
|
|
|a SNBRB
|
| 035 |
|
|
|a (urnnbn)urn:nbn:sk:snk:ar-0057qo
|
| 035 |
|
|
|a (uuid)1df91ec4-9c82-46bd-aec2-5043a1b6849c
|
| 035 |
|
|
|a urn:nbn:sk:snk-abd7up
|
| 040 |
|
|
|a SNKBUCL
|b slo
|c SNKBUCL
|e AACR2
|
| 041 |
0 |
|
|a slo
|
| 044 |
|
|
|a xo
|c SK
|
| 100 |
1 |
|
|a Trišč, A.
|4 aut
|9 1176779
|
| 245 |
1 |
0 |
|a OPTIMALIZÁCIA VÝROBY ZA STUDENA SPEVNENÝCH ZBALKOV Z OCELIARENSKYCH KALOV A PRACHOV
|c A. Trišč, J. Čurilla, J. Kendera
|
| 246 |
3 |
|
|a OPTIMISATION OF COLD BONDED PELLETS PRODUCTION FROM BOF SLUDGES AND DUSTS
|
| 700 |
1 |
|
|a Čurilla, J.
|4 aut
|9 791629
|
| 700 |
1 |
|
|a Kendera, J.
|4 aut
|9 1179898
|
| 773 |
0 |
|
|t Acta Metallurgica Slovaca : časopis Hutníckej fakulty Technickej univerzity Košice
|g Roč. 8, č. 1 (2002), s. 43-49
|
| 954 |
|
|
|a odborná, vedecká literatúra pôvodná (slovenská)
|2 lita
|
| 958 |
|
|
|a OND
|
| 958 |
|
|
|a EUIPO
|
| 958 |
|
|
|a article18
|
| 999 |
|
|
|c 2043979
|d 2045909
|